Länder auf der Weltkarte - Klick Quiz - Statistiken

Allgemein
  • Dieses Quiz wurde 147 mal gespielt
  • Das Durchschnittsergebnis liegt bei 109 aus 196
Antworten auf der Karte
Die Antworten werden auf der Karte rot bzw. grün angezeigt, abhängig davon wie oft sie richtig erraten wurden.
 
Antwortstatistiken
Antwort % Korrekt
Kanada
91%
Mexiko
87%
Vereinigte Staaten
87%
Ägypten
76%
Brasilien
75%
Argentinien
73%
Irland
73%
Island
73%
Belgien
72%
Chile
72%
Dänemark
72%
Italien
72%
Portugal
72%
Vereinigtes Königreich
72%
Algerien
70%
Deutschland
70%
Frankreich
70%
Kolumbien
70%
Russland
70%
Spanien
70%
Österreich
69%
Schweiz
69%
Albanien
67%
Finnland
67%
Niederlande
67%
Peru
67%
Schweden
67%
Ukraine
67%
Belarus
66%
Griechenland
66%
Luxemburg
66%
Norwegen
66%
Panama
66%
Polen
66%
Uruguay
66%
Andorra
64%
Bahamas
64%
Ecuador
64%
Estland
64%
Kasachstan
64%
Kuba
64%
Suriname
64%
Tschechien
64%
Afghanistan
63%
Australien
63%
Belize
63%
Bolivien
63%
Bosnien und Herzegowina
63%
China
63%
Costa Rica
63%
El Salvador
63%
Haiti
63%
Japan
63%
Kroatien
63%
Lettland
63%
Südafrika
63%
Venezuela
63%
Bulgarien
61%
Guatemala
61%
Liechtenstein
61%
Litauen
61%
Madagaskar
61%
Malta
61%
Marokko
61%
Moldawien
61%
Monaco
61%
Nordkorea
61%
Paraguay
61%
Serbien
61%
Slowenien
61%
Türkei
61%
Ungarn
61%
Vatikanstadt
61%
Armenien
60%
Indien
60%
Jamaika
60%
Kap Verde
60%
Montenegro
60%
Neuseeland
60%
Nicaragua
60%
Rumänien
60%
San Marino
60%
Saudi-Arabien
60%
Slowakei
60%
Südkorea
60%
Honduras
58%
Iran
58%
Katar
58%
Mongolei
58%
Nepal
58%
Nordmazedonien
58%
Tunesien
58%
Angola
57%
Aserbaidschan
57%
Äthiopien
57%
Bangladesch
57%
Bhutan
57%
Dominikanische Republik
57%
Indonesien
57%
Irak
57%
Israel
57%
Libyen
57%
Pakistan
57%
Somalia
57%
Sudan
57%
Zypern
57%
Kosovo
55%
Kuwait
55%
Nigeria
55%
Oman
55%
Philippinen
55%
Sri Lanka
55%
Südsudan
55%
Vereinigte Arabische Emirate
55%
Guyana
54%
Laos
54%
Mali
54%
Namibia
54%
Syrien
54%
Taiwan
54%
Tschad
54%
Botswana
52%
Demokratische Republik Kongo
52%
Kambodscha
52%
Kenia
52%
Malaysia
52%
Niger
52%
Papua-Neuguinea
52%
Thailand
52%
Zentralafrikanische Republik
52%
Äquatorial-Guinea
51%
Elfenbeinküste
51%
Eswatini
51%
Georgien
51%
Ghana
51%
Guinea-Bissau
51%
Jemen
51%
Jordanien
51%
Malediven
51%
Mauretanien
51%
Myanmar
51%
Seychellen
51%
Singapur
51%
Vietnam
51%
Bahrain
49%
Benin
49%
Kamerun
49%
Komoren
49%
Lesotho
49%
Libanon
49%
Mosambik
49%
Senegal
49%
Tansania
49%
Eritrea
48%
Guinea
48%
Mauritius
48%
São Tomé und Príncipe
48%
Togo
48%
Trinidad und Tobago
48%
Usbekistan
48%
Burkina Faso
46%
Dschibuti
46%
Republik Kongo
46%
Ruanda
46%
Simbabwe
46%
Uganda
46%
Gambia
45%
Kirgisistan
45%
Liberia
45%
Malawi
45%
Osttimor
45%
Tadschikistan
45%
Turkmenistan
45%
Gabun
43%
Kiribati
43%
Sambia
43%
Sierra Leone
42%
Burundi
40%
Brunei
39%
Marshallinseln
39%
Dominica
37%
St. Vincent und die Grenadinen
37%
Antigua und Barbuda
36%
Barbados
36%
Föderierte Staaten von Mikronesien
36%
Grenada
34%
Nauru
34%
Salomonen
31%
St. Lucia
31%
Fidschi
30%
Palau
30%
St. Kitts und Nevis
30%
Samoa
28%
Tonga
27%
Vanuatu
25%
Tuvalu
24%
Keine übereinstimmenden Quizze gefunden
Verteilung der Resultate
Anzahl Personen mit jedem Resultat
Perzentil nach korrekt beantworteten Fragen
Ihre Resultats-Entwicklung
Sie haben dieses Quiz noch nicht gespielt